00513nam a2200181 a 4500001001300000003000900013005001700022008004100039020002300080082001500103100002100118245007100139260003200210300000900242500003500251505003000286650001500316nice12345678IN_TiNIC20260116013837.0050524s1998 dela grp 000 0 eng  a812412X c49500a923.2bDES aDesai, Prakash N aTriumph and Tragedyb Psychohistorical Decisions of Mahatma Gandhi aDelhibHar Anand Pub c1998 a245p aincludes index and biblioraphy2 aThemes in politics series aGandhi M K